000 00314nam a2200097Ia 4500
008 220120s9999||||xx |||||||||||||| ||und||
100 _aMadegowda M and others
_912602
245 0 _aBrain tumour detection using image processing
260 _aCoorg Institute of Technology
_bPonnampet
_c2016
650 _aCOMPUTER SCIENCE
999 _c138200
_d138200